LEADER 00859nam0 2200253 450 001 000001280 005 20050630115300.0 010 $a88-348-4238-3 100 $a--------d1995----km-y0itay50------ba 101 $aita 102 $aIT 200 1 $a<>integrazione fra imprese nell'attività internazionale$fDisiano Preite, Umberto Morera, Antonio Nuzzo... [et al.] 210 $aTorino$cGiappichelli$d1995c 215 $aXIV, 272 p.$d24 cm 610 1 $aJoint ventures$aDiritto internazionale privato 676 $a340.9682 701 1$aPreite,$bDisiano$0124750 701 1$aMorera,$bUmberto$0116472 701 1$aNuzzo,$bAntonio$0116473 801 0$aIT $bUNIPARTHENOPE $gRICA $2UNIMARC 912 $a000001280 951 $cNAVA1$a346-I/49$b32193$d20000419 996 $aIntegrazione fra imprese nell'attività internazionale$91223289 997 $aUNIPARTHENOPE LEADER 00905cam0-2200313---450- 001 990009118920403321 005 20100504095509.0 010 $a2-7181-1106-2 035 $a000911892 035 $aFED01000911892 035 $a(Aleph)000911892FED01 035 $a000911892 100 $a20091123d1986----km-y0itay50------ba 101 0 $afre 102 $aFR 105 $ay-------101yy 200 1 $a<>reve et la vie$eAurelia, Sylvie, Les chimeres de Gerard de Nerval$eactes du Colloque du 19 janvier 1986$fpar M. Bercot ... [et al.] 210 $aParis$cSEDES$d1986 215 $a283 p.$d24 cm 610 0 $aNerval, Gérard de 676 $a841.7$v18$zita 700 1$aBercot,$bMartine$0220728 801 0$aIT$bUNINA$gREICAT$2UNIMARC 901 $aBK 912 $a990009118920403321 952 $a841.7 BER$bdono$fDECLI 959 $aDECLI 996 $aReve et la vie$9781305 997 $aUNINA LEADER 01487nam2-2200373---450- 001 990006025810203316 005 20150421122332.0 035 $a000602581 035 $aUSA01000602581 035 $a(ALEPH)000602581USA01 035 $a000602581 100 $a20041111d1894----km-y0itay0103----ba 101 0 $aita 102 $aIT 105 $a||||||||001yy 200 1 $a<> Comodato. Mutuo. Costituzione di rendita. Contratto di vitalizio. Deposito e sequestro. Pegno. Anticresi. Fideiussione. Giuoco e scommessa. Transazione$esecondo le leggi italiane$fpel conte Giuseppe Mirabelli 210 $aNapoli$cEugenio Marghieri$d1894 215 $a580 p.$d23 cm 410 0$12001 454 1$12001 461 1$1001000602596$12001$a<> diritto civile italiano secondo la dottrina e la giurisprudenza 462 $1001000602946$a<> Contratti speciali 700 1$aMIRABELLI,$bGiuseppe$0227247 801 0$aIT$bsalbc$gISBD 912 $a990006025810203316 951 $aXV.2.CA. 72 12.6$b6465 F.C.$cXV.2.CA. 72/$d369164 959 $aBK 969 $aCUOMO 979 $aGIGLIO$b90$c20150413$lUSA01$h1238 979 $aGIGLIO$b90$c20150414$lUSA01$h0938 979 $aFIORELLA$b90$c20150421$lUSA01$h1221 979 $aFIORELLA$b90$c20150421$lUSA01$h1223 996 $aComodato. Mutuo. Costituzione di rendita. Contratto di vitalizio. Deposito e sequestro. Pegno. Anticresi. Fideiussione. Giuoco e scommessa. Transazione$91077574 997 $aUNISA